000 00480nam a2200157 a 4500
001 000034754
005 20200930073901.0
008 111019s1973 pn 000 0 spa d
040 _aDO-SdBNP
_bspa
_cBNPHU
082 _axxx
_bS814q, 1973
100 1 _aSteele, Pablo,
_d1911
_960236
245 1 0 _a¿Quienes son los dueños de América Latina? /
_cPablo Steele.
250 _a6a ed.
260 _aPanamá :
_bInstituto Cooperativo Interamericano,
_c1973.
300 _a204 p. ;
_c18 cm.
999 _c34245
_d34245